Catalogue de la Bibliothèque de l'ENSA

L'allaitement maternel (notice nᵒ 7400)

détails MARC
000 -LEADER
fixed length control field 00596nam a2200157Ia 4500
008 - FIXED-LENGTH DATA ELEMENTS--GENERAL INFORMATION
fixed length control field 160105s9999 xx 000 0 und d
020 ## - INTERNATIONAL STANDARD BOOK NUMBER
International Standard Book Number 91-22-00771-7
041 ## - LANGUAGE CODE
Language code of text/sound track or separate title fre
110 ## - MAIN ENTRY--CORPORATE NAME
Corporate name or jurisdiction name as entry element Fondation nationale pour la promotion de la santé et le développement de la recherche médicale
245 ## - TITLE STATEMENT
Title L'allaitement maternel
260 ## - PUBLICATION, DISTRIBUTION, ETC.
Name of publisher, distributor, etc Office des publications universitaires
654 ## - SUBJECT ADDED ENTRY--FACETED TOPICAL TERM
General subdivision ALIMENTATION DU NOURRISSON/ALLAITEMENT/MALADIE RESPIRATOIRE/FACTEUR PSYCHOLOGIQUE/ALIMENTATION AU SEIN/CONTROLE DE MALADIES/ENQUETE/ALGERIE
942 ## - ADDED ENTRY ELEMENTS (KOHA)
Koha item type Ouvrage
994 ## -
-- 107467
Exemplaires
Withdrawn status Lost status Damaged status Use restrictions Not for loan Home library Current library Cost, normal purchase price Shelving control number Total Checkouts Total Renewals Total Holds Full call number Barcode Cost, replacement price Koha item type
          Bibliothèque Centrale Bibliothèque Centrale 0.00         BC_br 4667 BC_br 4667 0.00 Ouvrage

Adresse: Ecole Nationale Supérieure Agronomique Hassen Badi - El Harrach Alger, Algérie

Tél +213 (0) 23 82 85 07+213 (0) 23 82 85 12 Fax +213 23 82 85 03/04 Courriel: bibliotheque@edu.ensa.dz